[Event "FIDE Grand Prix 2 Pool A"]
[Site "Belgrade SRB"]
[Date "2022.03.07"]
[Round "6.1"]
[White "Andreikin,D"]
[Black "Bacrot,E"]
[Result "1-0"]
[WhiteElo "2724"]
[BlackElo "2642"]

1.d4 d5 2.Nf3 e6 3.c4 dxc4 4.e3 Nf6 5.Bxc4 c5 6.O-O a6 7.Nbd2 cxd4 8.Nxd4 Bc5
9.N4b3 Be7 10.Be2 b5 11.a4 bxa4 12.Rxa4 O-O 13.Nc4 Bd7 14.Ra1 Nc6 15.Nbd2 Nd5
16.Nf3 Ncb4 17.Bd2 Qb8 18.Nce5 Bb5 19.Bxb5 Qxb5 20.Nd4 Qb7 21.Qb3 Qc7 22.Ndf3 Rfb8
23.Rfc1 Qd6 24.e4 Nc6 25.Qxb8+ Nxb8 26.Rc8+ Bf8 27.exd5 exd5 28.Rac1 f6 29.Nc6 a5
30.Rd8 Qc7 31.Nfd4 Qb7 32.Nxa5 Qxb2 33.Ndb3 Kf7 34.Bf4 Bb4 35.Rc7+ Kg6 36.Rg8 Bxa5
37.Nxa5 Rxa5 38.g4 Nd7 39.Rxd7 Qb1+ 40.Kg2 Qe4+ 41.Kg3 Ra3+ 42.Kh4  1-0

[Event "FIDE Grand Prix 2 Pool C"]
[Site "Belgrade SRB"]
[Date "2022.03.07"]
[Round "6.2"]
[White "Rapport,R"]
[Black "Shirov,A"]
[Result "1/2-1/2"]
[WhiteElo "2763"]
[BlackElo "2704"]

1.c4 c5 2.Nf3 Nc6 3.d4 cxd4 4.Nxd4 Nf6 5.Nc3 e6 6.Bf4 d5 7.cxd5 Nxd5 8.Nxc6 bxc6
9.Bd2 Bb4 10.Qc2 Rb8 11.e3 Nxc3 12.a3 Qa5 13.Qc1 Qb6 14.axb4 Ne4 15.Bc3 O-O
16.Bd3 Nxc3 17.bxc3 c5 18.b5 c4 19.Bxc4 Bd7 20.O-O Rfc8 21.Be2 Bxb5 22.Bxb5 Qxb5
23.Rxa7 Qc4 24.Rd7 Rb3 25.Qd1 h6 26.Rd8+ Rxd8 27.Qxd8+ Kh7 28.Qd4 Rxc3 29.Qxc4 Rxc4
30.g3 Kg6  1/2-1/2

[Event "FIDE Grand Prix 2 Pool B"]
[Site "Belgrade SRB"]
[Date "2022.03.07"]
[Round "6.1"]
[White "Vitiugov,N"]
[Black "Giri,A"]
[Result "1/2-1/2"]
[WhiteElo "2726"]
[BlackElo "2772"]

1.c4 Nf6 2.Nc3 c5 3.g3 e6 4.Nf3 d5 5.cxd5 exd5 6.d4 Nc6 7.a3 cxd4 8.Nxd4 Bc5
9.Be3 Bb6 10.Bg2 O-O 11.Qd2 Na5 12.Rd1 Nc4 13.Qc1 Nxe3 14.Qxe3 Re8 15.Qf4 Bg4
16.O-O Bxd4 17.Rxd4 Bxe2 18.Rb1 Rc8 19.Nxd5 Nxd5 20.Bxd5 Qc7 21.Re1 Qxf4
22.Rxf4 Rc7 23.Rc4 Rce7 24.Rc2 b6 25.Bc6 Bg4 26.Rxe7 Rxe7 27.f3 Be6 28.Kf2 g5
29.Bb5 Kg7 30.Rc3 Kf6 31.Bd3  1/2-1/2

[Event "FIDE Grand Prix 2 Playoff"]
[Site "Belgrade SRB"]
[Date "2022.03.09"]
[Round "1.1"]
[White "Giri,A"]
[Black "Andreikin,D"]
[Result "1/2-1/2"]
[WhiteElo "2771"]
[BlackElo "2724"]

1.e4 c5 2.Nf3 e6 3.b3 b6 4.Bb2 Bb7 5.Nc3 Nf6 6.e5 Ne4 7.Nxe4 Bxe4 8.Qe2 Bb7
9.h4 Nc6 10.h5 Nb4 11.d3 b5 12.a3 Nc6 13.Qd2 Rc8 14.Rh3 Qc7 15.O-O-O Na5
16.Ng5 Be7 17.Rg3 c4 18.dxc4 bxc4 19.b4 h6 20.Nxf7 Kxf7 21.bxa5 Bd5 22.Qf4+ Kg8
23.Rxd5 Bg5 24.Rxg5 hxg5 25.Qd4 exd5 26.Qxd5+ Kf8 27.Bd4 Qc6 28.Qxc6 Rxc6
29.Be2 a6 30.Kd2 Ke7 31.Kc3 Rb8 32.a4 Rb1 33.Bf3  1/2-1/2

[Event "FIDE Grand Prix 2 Playoff"]
[Site "Belgrade SRB"]
[Date "2022.03.09"]
[Round "1.1"]
[White "Rapport,R"]
[Black "Vachier Lagrave,M"]
[Result "1-0"]
[WhiteElo "2762"]
[BlackElo "2761"]

1.d4 Nf6 2.c4 g6 3.Nc3 d5 4.cxd5 Nxd5 5.e4 Nxc3 6.bxc3 Bg7 7.Bc4 c5 8.Ne2 O-O
9.Be3 Nc6 10.Rc1 cxd4 11.cxd4 Qa5+ 12.Rc3 e5 13.d5 Nd4 14.Bd2 Bd7 15.Nxd4 exd4
16.Rc1 Qa3 17.Qb3 Qxb3 18.Bxb3 Rae8 19.f3 f5 20.Rc7 Bb5 21.a4 Bd3 22.d6+ Kh8
23.d7 Rb8 24.Bb4 Be5 25.Bxf8 Bxc7 26.Be7 Kg7 27.e5 b5 28.Bf6+ Kf8 29.e6 Bd8
30.Be5 Rb6 31.Bxd4 Rc6 32.axb5 Bxb5 33.Kf2 Ke7 34.Be3 Bb6 35.Rd1 Bxe3+ 36.Kxe3 Rc3+
37.Kf4  1-0

[Event "FIDE Grand Prix 2 Playoff"]
[Site "Belgrade SRB"]
[Date "2022.03.10"]
[Round "1.2"]
[White "Andreikin,D"]
[Black "Giri,A"]
[Result "1/2-1/2"]
[WhiteElo "2724"]
[BlackElo "2771"]

1.d4 Nf6 2.Nf3 g6 3.b3 Bg7 4.Bb2 c5 5.dxc5 Qa5+ 6.Nbd2 Qxc5 7.e3 O-O 8.c4 b6
9.Be2 Bb7 10.O-O d6 11.Rc1 Nbd7 12.Nb1 Ne4 13.Bxg7 Kxg7 14.Nfd2 Nxd2 15.Qxd2 Qg5
16.f3 Nf6 17.e4 Qxd2 18.Nxd2 Rac8 19.Nb1 Rc5 20.Nc3 Rfc8 21.Kf2 a6 22.Na4 R5c6
23.Nb2 b5 24.Ra1 bxc4 25.Nxc4 Rc5 26.Rfd1 a5 27.Ne3 d5 28.exd5 Nxd5 29.Bc4 Nb6
30.Bf1 Nd5 31.Bc4 Nb6 32.Bf1 Nd5  1/2-1/2

[Event "FIDE Grand Prix 2 Playoff"]
[Site "Belgrade SRB"]
[Date "2022.03.10"]
[Round "1.2"]
[White "Vachier Lagrave,M"]
[Black "Rapport,R"]
[Result "1/2-1/2"]
[WhiteElo "2761"]
[BlackElo "2762"]

1.e4 e5 2.Nf3 Nc6 3.Bb5 a6 4.Ba4 d6 5.O-O Bg4 6.h3 h5 7.d4 b5 8.Bb3 Nxd4
9.hxg4 hxg4 10.Ng5 Nh6 11.g3 Be7 12.f4 Qd7 13.f5 c6 14.Nc3 Qd8 15.Nxf7 Nxf7
16.Qxg4 Nxb3 17.axb3 Bg5 18.Kg2 Qf6 19.Nd1 Bxc1 20.Rxc1 Qg5 21.Nf2 Qxg4 22.Nxg4 Ng5
23.Nf2 O-O-O 24.c4 Kc7 25.Rh1 bxc4 26.bxc4 a5 27.Ra1 Kb6 28.Rhd1 Rh7 29.Rd3 Rdh8
30.Rb3+ Ka6 31.Rba3 Rh2+ 32.Kf1 Kb6 33.Rxa5 Nf3 34.c5+ dxc5 35.Ra6+ Kb5 36.R1a5+ Kb4
37.Ra4+ Kb5 38.R6a5+ Kb6 39.Ra6+ Kb5 40.R4a5+ Kb4 41.Ra3 Nd2+ 42.Kg1 Nc4
43.Rd3 R2h6 44.Ra7 Rb8 45.b3 Na5 46.Ng4 Nxb3 47.Rxg7 c4 48.Rd1 Rhh8 49.Nxe5 Rhc8
50.Rg6 c5 51.Nc6+ Rxc6 52.Rxc6 c3 53.f6 c2 54.Rf1 c1=Q 55.Rxc1 Nxc1 56.e5 Ne2+
57.Kf2 Nd4 58.Rd6 Nb5 59.Rd7 c4 60.e6 c3 61.e7 c2 62.f7 c1=Q 63.e8=Q Qc5+
64.Kg2 Qc6+ 65.Kh3 Qh6+ 66.Kg2  1/2-1/2

[Event "FIDE Grand Prix 2 Playoff"]
[Site "Belgrade SRB"]
[Date "2022.03.11"]
[Round "1.3"]
[White "Andreikin,D"]
[Black "Giri,A"]
[Result "1/2-1/2"]
[WhiteElo "2724"]
[BlackElo "2771"]

1.e4 e5 2.Bc4 Nf6 3.d3 Nc6 4.Nc3 Bb4 5.Ne2 d5 6.exd5 Nxd5 7.O-O Be6 8.Bxd5 Bxd5
9.f4 f6 10.fxe5 Nxe5 11.Nxd5 Qxd5 12.Nf4 Qd7 13.c3 Bd6 14.d4 O-O-O 15.Qb3 Ng6
16.Ne6 Rde8 17.d5 Nf8 18.Nd4 Ng6 19.Ne6 Nf8 20.Nd4 Ng6 21.Ne6  1/2-1/2

[Event "FIDE Grand Prix 2 Playoff"]
[Site "Belgrade SRB"]
[Date "2022.03.11"]
[Round "1.4"]
[White "Giri,A"]
[Black "Andreikin,D"]
[Result "0-1"]
[WhiteElo "2771"]
[BlackElo "2724"]

1.e4 c5 2.Nf3 e6 3.d4 cxd4 4.Nxd4 Nc6 5.Nc3 a6 6.Nxc6 bxc6 7.Bd3 d5 8.O-O Nf6
9.Qf3 Bb7 10.Re1 Be7 11.Qg3 h5 12.h3 Kf8 13.Bf4 h4 14.Qf3 Kg8 15.Rad1 Nh5
16.Bh2 Bd6 17.Bxd6 Qxd6 18.e5 Qb4 19.Ne2 g6 20.c3 Qe7 21.b4 a5 22.a3 Ba6
23.Nd4 Bxd3 24.Qxd3 Qb7 25.Rb1 Qa6 26.b5 cxb5 27.Rxb5 Ng7 28.Reb1 Qc8 29.Rb6 Qc5
30.Qf3 Rf8 31.Rb8 Qxa3 32.Rxf8+ Qxf8 33.Nc6 Qc5 34.Rb7 Nf5 35.Ne7+ Kg7 36.Nxg6 Qc6
37.Rxf7+ Kxf7 38.Nxh8+ Kg7 39.Qh5 Qxc3 40.Nf7 Qe1+ 41.Kh2 Qxf2 42.Ng5 Qg3+
43.Kg1 Qe1+ 44.Kh2 Qxe5+ 45.Kg1 Qe3+ 46.Kh2 Qg3+ 47.Kg1 Qe1+ 48.Kh2 Qh1+
49.Kxh1 Ng3+ 50.Kg1 Nxh5 51.Nxe6+ Kf6 52.Nc5 Ke5 53.Kf2 d4 54.Ke2 Nf4+ 55.Kf3 Kd5
56.Na4 Ne6 57.g3 hxg3 58.h4 d3 59.Kxg3 Kc4 60.h5 Kb3 61.h6 Nf8 62.Nc5+ Kc2
63.Ne6 d2  0-1

[Event "FIDE Grand Prix 2 Playoff"]
[Site "Belgrade SRB"]
[Date "2022.03.12"]
[Round "2.1"]
[White "Andreikin,D"]
[Black "Rapport,R"]
[Result "1/2-1/2"]
[WhiteElo "2724"]
[BlackElo "2762"]

1.e4 e5 2.Nf3 Nf6 3.Nc3 Nc6 4.d4 exd4 5.Nxd4 Bb4 6.Nxc6 bxc6 7.Bd3 d5 8.Bd2 O-O
9.O-O Bxc3 10.Bxc3 dxe4 11.Bxf6 Qxf6 12.Bxe4 Qxb2 13.Bxc6 Rb8 14.Rb1 Qxb1
15.Qxb1 Rxb1 16.Rxb1 Rd8 17.Bf3 Bf5 18.Rb7 Bxc2 19.Rxc7 Be4 20.Be2 g5 21.h3 a5
22.Ra7 Ra8 23.Re7 Bd5 24.Bf3 Bxf3 25.gxf3 f6 26.Kg2 Rc8 27.Ra7 Rc5 28.f4 gxf4
29.Kf3 Rc3+ 30.Kg4 Ra3 31.Kf5 Rxh3 32.a4 f3 33.Kxf6 Rh6+ 34.Kg5 Rh2 35.Kf6 Rh6+
36.Kg5 Rh2 37.Kf6  1/2-1/2

[Event "FIDE Grand Prix 2 Playoff"]
[Site "Belgrade SRB"]
[Date "2022.03.13"]
[Round "2.2"]
[White "Rapport,R"]
[Black "Andreikin,D"]
[Result "1-0"]
[WhiteElo "2762"]
[BlackElo "2724"]

1.d4 d5 2.c4 e6 3.Nc3 a6 4.cxd5 exd5 5.a3 h6 6.Bf4 Nf6 7.e3 c5 8.Be5 Be6
9.Nge2 Nc6 10.Nf4 cxd4 11.Bxd4 Nxd4 12.Qxd4 Bd6 13.g3 Rc8 14.Rd1 Qa5 15.Rc1 O-O
16.Nxe6 fxe6 17.Bh3 Kf7 18.O-O Rc4 19.Qd3 Be5 20.Ne2 Rfc8 21.Rxc4 Rxc4 22.b4 Qa4
23.Nf4 Bxf4 24.exf4 Qc6 25.Qe3 Ne4 26.f3 Rc3 27.Qd4 Rc4 28.Qe3 Rc3 29.Qd4 Rc4
30.Qe5 Nd2 31.f5 Nxf1 32.fxe6+ Ke8 33.Qxg7 Qb6+ 34.Kxf1 Rc1+ 35.Ke2 Re1+
36.Kxe1 Qe3+ 37.Kd1 Qd3+ 38.Kc1 Qe3+ 39.Kb1 Qd3+ 40.Kc1 Qe3+ 41.Kb2 Qd2+
42.Ka1 Qc1+ 43.Ka2 Qc4+ 44.Kb2 Qe2+ 45.Ka1 Qf1+ 46.Bxf1  1-0